| 000 | 01290 a2200289 4500 | ||
|---|---|---|---|
| 003 | Nust | ||
| 005 | 20221130100745.0 | ||
| 010 | _a 00053005 | ||
| 020 | _a0521773067 | ||
| 020 | _a0521774802 (pbk.) | ||
| 040 | _cNust | ||
| 082 | 0 | 0 | _a530.076,GNA |
| 100 | 1 |
_aGn衤ig, P⥴er. _9103812 |
|
| 245 | 1 | 0 |
_a200 puzzling physics problems / _cP. Gnadig, G. Honyek, K.F. Riley. |
| 246 | 3 | _aTwo hundred puzzling physics problems | |
| 260 |
_aCambridge, UK ; _aNew York : _bCambridge University Press, _c2001. |
||
| 300 |
_axiv, 257 p. : _bill. ; _c26 cm. |
||
| 505 | _a1. Preface (Page-vii), 2. How to use this book (Page-x), 3. Thematic order of the problems (Page-xi), Physical constants (Page-xiii), 4. Problems (Page-1), Hints (Page-50), 6. Solutions (Page-69). | ||
| 650 | 0 | _aPhysics | |
| 700 | 1 |
_aHonyek, G. _d1951- _9103813 |
|
| 700 | 1 |
_aRiley, K. F. _d1936- _9103814 |
|
| 856 | 4 | 1 |
_3Contributor biographical information _uhttp://www.loc.gov/catdir/enhancements/fy0731/00053005-b.html |
| 856 | 4 | 1 |
_3Publisher description _uhttp://www.loc.gov/catdir/description/cam021/00053005.html |
| 856 | 4 | 1 |
_3Sample text _uhttp://www.loc.gov/catdir/samples/cam034/00053005.html |
| 856 | 4 | 1 |
_3Table of contents _uhttp://www.loc.gov/catdir/toc/cam021/00053005.html |
| 942 |
_2ddc _cBK _k530.076,GNA |
||
| 999 |
_c180780 _d180780 |
||